000 00663nam a2200241 i 4500
001 C2-0132617
003 PPAK
005 20180727123038.0
008 971022s1995 enka|||| ||||| | eng d
020 _a0744532833
040 _aPPAK
_beng
_cPPAK
_erda
082 0 4 _a823
_223
090 0 0 _a823
_bWIL
_dK
100 1 _aWilliams, Marcia,
_eauthor
245 1 4 _aThe adventures of Robin Hood
264 1 _aLondon :
_bWalker Books ,
_c1995
300 _a[26 pages] :
_bcolour illustrations ;
_c32 cm
336 _2rdacontent
_atext
337 _2rdamedia
_aunmediated
338 _2rdacarrier
_avolume
650 1 0 _aChildren's stories, English
942 _ddc
_cB
999 _c41572
_d41572